00410nam a2200157Ia 450000100060000000800410000602000150004704000130006208200160007510000180009124500530010926000620016230000100022454600070023465000110024145125140428s9999 xx 000 0 und d a9694944589 cPK-LaUMT a 613bARO-F aArora, Anjali a5 steps to understand cholesterolcArora, Anjali aKarachi,Pakistan:bParamount Publishing Enterprise,c2007 a64 p. aEN aHealth